Most streamed songs : Kate Bush - Statistics

General Stats
  • This quiz has been taken 32 times
  • The average score is 7 of 10
Answer Stats
Streams Song % Correct
1 719 500 000 Running Up That Hill (A Deal With God)
96%
350 500 000 Army Dreamers
86%
283 500 000 Wuthering Heights
82%
229 500 000 Babooshka
75%
58 500 000 Hounds of Love
75%
100 000 000 Cloudbusting
71%
80 500 000 This Woman's Work
61%
38 500 000 The Man with the Child in His Eyes
54%
17 000 000 The Big Sky
43%
23 500 000 Oh to Be in Love
32%
No matching quizzes found
Score Distribution
Percent of People with Each Score
Percentile by Number Answered
Your Score History
You have not taken this quiz